| 000 | 00845nam a2200229 a 4500 | ||
|---|---|---|---|
| 001 | 000029924 | ||
| 005 | 20200930055919.0 | ||
| 008 | 110427s2004 dr 000 0 spa d | ||
| 040 |
_aDO-SdBNP _bspa _cBNPHU |
||
| 082 | _axxx | ||
| 110 |
_aCuadernos Municipales. _956668 |
||
| 245 | 1 | 0 |
_aFinanzas municipales : _bEl manual del ayuntamiento/. |
| 260 |
_aSanto Domingo : _bComisión Presidencial para la reforma y modernización del Estado, _c[s.f.]. |
||
| 300 |
_a59 p. ; _c20 cm. |
||
| 490 | 1 |
_aCuaderno Municipales _vNo. 3 |
|
| 490 | 1 | _aBiblioteca Municipal | |
| 504 | _aIncluye referencias bibliográficas y notas al pie de las páginas. | ||
| 505 | _aIngresos - egresos - presupuestos - empréstitos - pagos - contabilidad. | ||
| 830 | 0 |
_aCuadernos Municipales _vNo. 3 _956669 |
|
| 830 | 0 |
_aBiblioteca Municipal. _956671 |
|
| 049 | _aBNPD | ||
| 999 |
_c29416 _d29416 |
||